LEADER 02952oam 2200841I 450 001 9910958060303321 005 20251117120119.0 010 $a1-134-61785-2 010 $a1-134-61786-0 010 $a1-280-18243-1 010 $a0-585-44706-3 010 $a9786610182435 010 $a0-203-20726-2 024 7 $a10.4324/9780203207260 035 $a(CKB)1000000000004370 035 $a(EBL)179827 035 $a(OCoLC)559388585 035 $a(SSID)ssj0000331367 035 $a(PQKBManifestationID)12117170 035 $a(PQKBTitleCode)TC0000331367 035 $a(PQKBWorkID)10325383 035 $a(PQKB)10759038 035 $a(SSID)ssj0000300893 035 $a(PQKBManifestationID)11273045 035 $a(PQKBTitleCode)TC0000300893 035 $a(PQKBWorkID)10259835 035 $a(PQKB)10992363 035 $a(SSID)ssj0000281129 035 $a(PQKBManifestationID)11214309 035 $a(PQKBTitleCode)TC0000281129 035 $a(PQKBWorkID)10305857 035 $a(PQKB)23229816 035 $aebr10017373 035 $a(MiAaPQ)EBC179827 035 $a(Au-PeEL)EBL179827 035 $a(CaPaEBR)ebr10070851 035 $a(CaONFJC)MIL18243 035 $a(OCoLC)314180237 035 $a(OCoLC)1226773596 035 $a(FINmELB)ELB147371 035 $a(EXLCZ)991000000000004370 100 $a20180331d1928 uy 0 101 0 $aeng 135 $aur|n|---||||| 181 $ctxt 182 $cc 183 $acr 200 10$aJudgement and reasoning in the child /$fJean Piaget ; in collaboration with M.E. Cartalis. [et al.] 205 $a1st ed. 210 $aLondon $cRoutledge$d2002 210 1$aLondon :$cRoutledge,$d1928. 215 $a1 online resource (269 p.) 225 1 $aInternational library of psychology 225 1 $aInternational library of psychology. Developmental psychology ;$v23 300 $aOriginally published: London : Routledge and K. Paul, 1928. 311 08$a0-415-75797-5 311 08$a0-415-21003-8 327 $aBook Cover; Title; Contents; ; GRAMMAR AND LOGIC; ; FORMAL THOUGHT AND RELATIONAL JUDGMENTS; ; THE GROWTH OF RELATIVITY IN IDEAS AND NOTIONS; ; HOW THE CHILD REASONS; ; SUMMARY AND CONCLUSIONS; ; NOTE ON THE COEFFICIENT OF EGO-CENTRISM; INDEX 330 $aOver a period of six decades, Jean Piaget conducted a program of naturalistic research that has profoundly affected our understanding of child development. 410 0$aInternational library of psychology.$pDevelopmental psychology ;$vv. 23. 410 0$aInternational library of psychology. 606 $aChild psychology 615 0$aChild psychology. 676 $a155.41343 700 $aPiaget$b Jean$f1896-1980,$024722 701 $aCartalis$b E$01880434 801 0$bMiAaPQ 801 1$bMiAaPQ 801 2$bMiAaPQ 906 $aBOOK 912 $a9910958060303321 996 $aJudgement and reasoning in the child$94494407 997 $aUNINA LEADER 01509nas 2200517-a 450 001 9910135229403321 005 20260218110828.0 011 $a2221-5115 035 $a(CKB)110978984562247 035 $a(CONSER)sn-95020370- 035 $a(DE-599)ZDB3111620-6 035 $a(DE-599)3111620-6 035 $a(EXLCZ)99110978984562247 100 $a19951007a19939999 --- - 101 0 $aeng 135 $aur||||||||||| 181 $ctxt$2rdacontent 182 $cc$2rdamedia 183 $acr$2rdacarrier 200 00$aAcarina $eRusski? akarologicheski? zhurnal + Russian journal of acarology 210 $a[Moscow?] $cKMK Scientific Press$d1993- 215 $a1 online resource 300 $aRefereed/Peer-reviewed 311 08$aPrint version: Acarina : (DLC)sn 95020370 (OCoLC)33258089 0132-8077 517 3 $aRusski? akarologicheski? zhurnal 517 3 $aRussian journal of acarology 531 10$aAcarina 606 $aMites 606 $aMite Infestations 606 $aAcarology$vPeriodicals 606 $aMites$vPeriodicals 606 $aAcarology$2fast$3(OCoLC)fst00795197 606 $aMites$2fast$3(OCoLC)fst01023989 608 $aPeriodical. 608 $aPeriodicals.$2fast 615 12$aMites. 615 22$aMite Infestations. 615 0$aAcarology 615 0$aMites 615 7$aAcarology. 615 7$aMites. 906 $aJOURNAL 912 $a9910135229403321 920 $aexl_impl conversion 996 $aAcarina$91975269 997 $aUNINA